• 首页
  • 本馆介绍
  • 公告通知
  • 最新文献
  • 馆藏检索
  • 电子资源
  • 读者导购
  • 参考咨询
  • 我的图书馆
  • 登录
  • 详细信息显示
  • 放入我的书架
  • 预约/预借图书
  • 作者相关作品
  • 分类相关作品
  • 丛书相关作品
  • 出版社相关作品

书目信息

  • 表格格式
  • 工作单格式
  • 卡片格式
题名:
国际会计学
    
 
作者: 徐经长 , 杜胜利 , 陈轲 编著
分册:  
出版信息: 北京   中国人民大学出版社  2004
页数: 388页
开本: 20cm
丛书名: 21世纪会计系列教材
单 册:
中图分类: F234.5
科图分类:
主题词: 国际会计
电子资源:
ISBN: 7-300-03216-8
000 01072nam0 2200313 45
001 040000000656
005 20051219142240.70
010    @a7-300-03216-8@dCNY25.00
092    @aCN
100    @a20040710d2004 ekmy0chiy0120 ea
101 0  @achi
102    @aCN@b110000
105    @ak az 000yy
200 1  @a国际会计学@9guo ji kuai ji xue@f徐经长,杜胜利,陈轲编著@Fxu jing chang,du sheng li,chen ke bian zhu
205    @a2版
210    @a北京@c中国人民大学出版社@d2004
215    @a388页@d20cm
225    @a21世纪会计系列教材
300    @a教育部推荐教材
320    @a有书目
330    @a本书内容包括总论、会计模式和国际会计协调、国际比较会计、外币交易会计、外币报表折算、物价变动会计、合并会计报表、国际财务报告、国际转移定价、国际税务筹划、外汇风险管理、金融工具运用、经营业绩评价。
410  0 @12001 @a21世纪会计系列教材
606 0  @a国际会计
690    @aF234.5@v4
701  0 @a徐经长@Axu jing chang@4编著
701  0 @a杜胜利@Adu sheng li@4编著
701  0 @a陈轲@Achen ke@4编著
801  0 @aCN@bCXYBOOK@c20051219
905    @a10447@dF234.5@e159=2
    
    国际会计学/徐经长,杜胜利,陈轲编著.-2版.-北京:中国人民大学出版社,2004
    388页;20cm.-(21世纪会计系列教材)
    教育部推荐教材
    
    ISBN 7-300-03216-8:CNY25.00
    本书内容包括总论、会计模式和国际会计协调、国际比较会计、外币交易会计、外币报表折算、物价变动会计、合并会计报表、国际财务报告、国际转移定价、国际税务筹划、外汇风险管理、金融工具运用、经营业绩评价。
●
相关链接 在E读中查询图书 在五车中查询图书 在当当中查询图书 在豆瓣中查询图书


正题名:国际会计学     索取号:F234.5/159=2         预约/预借

序号 登录号 条形码 馆藏地/架位号 状态 备注
1 0371714   203717148   第一样本阅览室/ [索取号:F234.5/159=2] 在馆    
2 0371715   203717157   第一借阅区/ [索取号:F234.5/159=2] 在馆    
3 0371716   203717166   第一借阅区/ [索取号:F234.5/159=2] 在馆    
4 0371717   203717175   第一借阅区/ [索取号:F234.5/159=2] 在馆    
5 0371718   203717184   第一借阅区/ [索取号:F234.5/159=2] 在馆    
唐山师范学院图书馆 欢迎您!
大连网信软件有限公司© 版权所有